Statistiken für Größte Inseln Griechenlands mit einer Karte

Klicken Sie hier um das Quiz zu spielen!

Allgemein

  • Dieses Quiz wurde 2.147 mal gespielt
  • Das Durchschnittsergebnis liegt bei 5 aus 16

Antworten auf der Karte

Die Antworten werden auf der Karte rot bzw. grün angezeigt, abhängig davon wie oft sie richtig erraten wurden.
 

Antwortstatistiken

km²Insel% Korrekt
8336Kreta
96%
1401Rhodos
73%
290Kos
49%
593Korfu
46%
1633Lésbos
43%
430Naxos
23%
478Samos
23%
406Zakynthos
19%
3670Euböa
18%
781Kefalonia
13%
842Chíos
11%
478Limnos
11%
380Thasos
11%
380Andros
8%
300Karpathos
8%
303Lefkada
8%

Verteilung der Resultate

Perzentil nach korrekt beantworteten Fragen

Anzahl Personen mit jedem Resultat

Ihre Resultats-Entwicklung

Sie haben dieses Quiz noch nicht gespielt